Zákony a iné všeobecne záväzné právne predpisy patriace do kompetencie NBS (platné k 1. 1. 2011)

Zákony, vyhlášky a opatrenia patriace do kompetencie NBS. Legislatíva.

Salvato in:
Dettagli Bibliografici
Autore principale: Bašková, Renáta
Natura: Capitolo di libro
Lingua:slovacco
Soggetti:
Tags: Aggiungi Tag
Nessun Tag, puoi essere il primo ad aggiungerne!!

MARC

LEADER 00000naa a2200000 4500
001 0126138
005 20231116090944.8
041 0 |a slo 
044 |a SK 
245 1 0 |a Zákony a iné všeobecne záväzné právne predpisy patriace do kompetencie NBS  |b (platné k 1. 1. 2011)  |c Renáta Bašková 
520 |a Zákony, vyhlášky a opatrenia patriace do kompetencie NBS. Legislatíva. 
610 2 0 |a zákony 
610 2 0 |a predpisy právne 
610 2 0 |a Slovensko 
100 1 |a Bašková, Renáta